| 000 | 00660nam a22002657a 4500 | ||
|---|---|---|---|
| 003 | UA-OsUOA | ||
| 001 | 26279 | ||
| 007 | ta | ||
| 008 | 20040525b un ||||| |||| 00| 0 ukr d | ||
| 100 | _aПрудников А.П. | ||
| 700 | _aБрычков Ю.А. | ||
| 700 | _aМаричев О.И. | ||
| 090 |
_a517.3 _bП85 |
||
| 942 | _cBK | ||
| 040 |
_aUA-OsUOA _brus _cUA-OsUOA _dUA-OsUOA |
||
| 245 | _aИнтегралы и ряды. Дополнительные главы | ||
| 300 | _a800 с. | ||
| 955 | _a0 | ||
| 041 | _arus | ||
| 080 | _a517.3 | ||
| 260 |
_aМосква _bНаука _c1986 |
||
| 044 | _aRU | ||
| 650 | 7 | _2UDC | |
| 999 |
_c312598 _d312598 |
||